[Event "Gibtelecom AmatWk1 6th"]
[Site "Gibraltar"]
[Date "2008.01.25"]
[Round "4.45"]
[White "Cox, Reginald"]
[Black "Lode, Marius Skefstad"]
[Result "1/2-1/2"]
[WhiteElo "1136"]
[BlackElo "1822"]
[PlyCount "68"]
[EventDate "2008.01.22"]
[EventType "swiss"]
[EventRounds "5"]
[EventCountry "GGB"]
[SourceTitle "BritBase"]
[Source "www.saund.co.uk"]
[SourceDate "2018.02.10"]
[SourceVersion "1"]
[SourceVersionDate "2018.02.10"]
[SourceQuality "1"]

1. e4 e6 2. Nf3 d5 3. e5 c5 4. d4 Qb6 5. Nc3 Nc6 6. Bb5 Nge7 7. O-O Bd7 8. Bxc6
Nxc6 9. Na4 Qa5 10. Nxc5 Bxc5 11. dxc5 Qxc5 12. Be3 Qa5 13. Bd2 Qc7 14. Re1 Rc8
15. c3 O-O 16. Qc2 f6 17. exf6 Rxf6 18. Bg5 Rf7 19. Qd2 Rcf8 20. Re3 Bc8 21.
Bh4 h6 22. Bg3 Qd7 23. Rae1 b6 24. Ne5 Nxe5 25. Rxe5 Rf5 26. Rxf5 Rxf5 27. Re5
Rxe5 28. Bxe5 b5 29. b4 a6 30. a3 Qf7 31. Qf4 {(=)} Qg6 32. Qc1 Bb7 33. Bg3 Qe4
34. f3 Qf5 1/2-1/2

[Event "Gibtelecom AmatWk1 6th"]
[Site "Gibraltar"]
[Date "2008.01.25"]
[Round "4.46"]
[White "Bath, Tom"]
[Black "Jacobsen, Maria Pitz"]
[Result "0-1"]
[WhiteElo "1424"]
[BlackElo "1799"]
[PlyCount "86"]
[EventDate "2008.01.22"]
[EventType "swiss"]
[EventRounds "5"]
[EventCountry "GGB"]
[SourceTitle "BritBase"]
[Source "www.saund.co.uk"]
[SourceDate "2018.02.10"]
[SourceVersion "1"]
[SourceVersionDate "2018.02.10"]
[SourceQuality "1"]

1. e4 c5 2. Nf3 Nc6 3. g3 d6 4. Bg2 g6 5. O-O Bg7 6. d3 Nf6 7. c4 O-O 8. Nc3
Bd7 9. Rb1 Qc8 10. Kh1 Bh3 11. Bxh3 Qxh3 12. Ng5 Qd7 13. f4 e6 14. Be3 Nd4 15.
Bxd4 cxd4 16. Nb5 h6 17. Nf3 Ng4 18. Qb3 Ne3 19. Rf2 e5 20. fxe5 dxe5 21. Na3
Kh8 22. Nc2 Nxc2 23. Qxc2 f5 24. Rd1 fxe4 25. dxe4 Qg4 26. Rdf1 Qe6 27. b3 Rac8
28. Nd2 Qe7 29. Rxf8+ Rxf8 30. Rxf8+ Qxf8 31. Kg2 Qb4 32. Nf3 Qd6 33. Qd3 a5
34. a4 Qa3 35. h4 h5 36. Kh3 Qc1 37. Qd2 Qf1+ 38. Qg2 Qd1 39. Ng5 Qxb3 40. Qf2
Qxc4 41. Nf7+ Kg8 42. Nd6 Qe6+ 43. Kg2 Qxd6 0-1

[Event "Gibtelecom AmatWk1 6th"]
[Site "Gibraltar"]
[Date "2008.01.25"]
[Round "4.47"]
[White "Salomon, Johan"]
[Black "Poggio, Freddie"]
[Result "1-0"]
[WhiteElo "1000"]
[BlackElo "1616"]
[PlyCount "101"]
[EventDate "2008.01.22"]
[EventType "swiss"]
[EventRounds "5"]
[EventCountry "GGB"]
[SourceTitle "BritBase"]
[Source "www.saund.co.uk"]
[SourceDate "2018.02.10"]
[SourceVersion "1"]
[SourceVersionDate "2018.02.10"]
[SourceQuality "1"]

1. e4 c5 2. Nf3 d6 3. d4 cxd4 4. Nxd4 Nf6 5. Nc3 a6 6. Be3 Qc7 7. Bd3 Nbd7 8.
f4 e6 9. g3 b5 10. a3 Bb7 11. b4 Rc8 12. Nde2 g6 13. h3 Bg7 14. Bd4 O-O 15. g4
Nxe4 16. Bxe4 e5 17. fxe5 Nxe5 18. Rf1 Rfe8 19. Bxe5 Bxe5 20. Bxb7 Bxc3+ 21.
Kf2 Qb6+ 22. Kg3 Be5+ 23. Nf4 Qe3+ 24. Rf3 Bxf4+ 25. Kg2 Qe2+ 26. Qxe2 Rxe2+
27. Kf1 Rcxc2 28. Rxf4 Rh2 29. Re1 Rcd2 30. Re8+ Kg7 31. Re7 d5 32. Rexf7+ Kh6
33. Rf2 Rh1+ 34. Kg2 Rhd1 35. Rxd2 Rxd2+ 36. Rf2 Rd3 37. Rf3 Rd2+ 38. Kg3 d4
39. Bxa6 Kg5 40. Bxb5 h5 41. h4+ Kh6 42. g5+ Kg7 43. a4 Rb2 44. Rd3 Rxb4 45.
Kf4 Kf7 46. Ke5 Ke7 47. Rxd4 Rb2 48. Kd5 Rc2 49. Rc4 Rd2+ 50. Kc6 Kd8 51. Kb6
1-0

[Event "Gibtelecom AmatWk1 6th"]
[Site "Gibraltar"]
[Date "2008.01.25"]
[Round "4.48"]
[White "Haddock, Paul"]
[Black "Stoop, Michael"]
[Result "1-0"]
[WhiteElo "1456"]
[BlackElo "1056"]
[PlyCount "65"]
[EventDate "2008.01.22"]
[EventType "swiss"]
[EventRounds "5"]
[EventCountry "GGB"]
[SourceTitle "BritBase"]
[Source "www.saund.co.uk"]
[SourceDate "2018.02.10"]
[SourceVersion "1"]
[SourceVersionDate "2018.02.10"]
[SourceQuality "1"]

1. e4 d5 2. exd5 Qxd5 3. Nc3 Qa5 4. Bc4 Nf6 5. d3 c6 6. Nf3 Bg4 7. h3 Bxf3 8.
Qxf3 e6 9. O-O Be7 10. Bd2 O-O 11. Rae1 Nbd7 12. Ne4 Qc7 13. Bc3 Nxe4 14. Rxe4
Bf6 15. Bxf6 Nxf6 16. Rh4 Qe5 17. d4 Qg5 18. g3 Rad8 19. Re1 Qd2 20. Qc3 Qxc3
21. bxc3 Nd5 22. Bxd5 cxd5 23. Rb1 Rd7 24. Rf4 Rc8 25. Rf3 a5 26. Kf1 g6 27.
Ke1 Rc4 28. Kd2 e5 29. dxe5 Re7 30. Rb5 Rxe5 31. Rxb7 Rce4 32. Rfxf7 Re2+ 33.
Kd3 1-0

[Event "Gibtelecom AmatWk1 6th"]
[Site "Gibraltar"]
[Date "2008.01.25"]
[Round "4.49"]
[White "Mossiaguine, Arina"]
[Black "Apps, Ian"]
[Result "0-1"]
[WhiteElo "1111"]
[BlackElo "1088"]
[PlyCount "86"]
[EventDate "2008.01.22"]
[EventType "swiss"]
[EventRounds "5"]
[EventCountry "GGB"]
[SourceTitle "BritBase"]
[Source "www.saund.co.uk"]
[SourceDate "2018.02.10"]
[SourceVersion "1"]
[SourceVersionDate "2018.02.10"]
[SourceQuality "1"]

1. f4 Nf6 2. Nf3 d5 3. e3 Nc6 4. Bb5 Bd7 5. O-O e6 6. d3 Bc5 7. Qe1 O-O 8. Bxc6
Bxc6 9. Ne5 Bd6 10. b3 Bxe5 11. fxe5 Ng4 12. Qg3 Qg5 13. e4 Qxe5 14. Qxe5 Nxe5
15. Bf4 f6 16. d4 Ng4 17. h3 e5 18. hxg4 exf4 19. exd5 Bxd5 20. Rxf4 g5 21. Rf2
Be6 22. Nd2 Bxg4 23. Ne4 Kg7 24. Raf1 f5 25. Nxg5 Rae8 26. d5 f4 27. Rxf4 Rxf4
28. Rxf4 Bd7 29. Rf7+ Kg6 30. Rxh7 Bf5 31. g4 Bxg4 32. Rxc7 Kxg5 33. Rxb7 Rd8
34. c4 Re8 35. d6 a5 36. c5 Bf3 37. Ra7 Rd8 38. Rxa5 Kf5 39. a4 Ke5 40. Kf2 Be4
41. Ke3 Kd5 42. b4 Bc2 43. Ra6 Kc4 {more move played} 0-1

[Event "Gibtelecom AmatWk1 6th"]
[Site "Gibraltar"]
[Date "2008.01.26"]
[Round "5.33"]
[White "Sellak, Haddou"]
[Black "Flanagan, Samuel"]
[Result "1/2-1/2"]
[WhiteElo "1000"]
[BlackElo "1618"]
[PlyCount "50"]
[EventDate "2008.01.22"]
[EventType "swiss"]
[EventRounds "5"]
[EventCountry "GGB"]
[SourceTitle "BritBase"]
[Source "www.saund.co.uk"]
[SourceDate "2018.02.10"]
[SourceVersion "1"]
[SourceVersionDate "2018.02.10"]
[SourceQuality "1"]

1. e4 c5 2. Nf3 d6 3. Bb5+ Bd7 4. Bxd7+ Qxd7 5. c4 Nc6 6. Nc3 Nf6 7. d4 cxd4 8.
Nxd4 g6 9. f3 Bg7 10. Be3 Rc8 11. b3 a6 12. Rc1 Nxd4 13. Bxd4 O-O 14. a4 e6 15.
O-O Qc6 16. Qd2 Rfd8 17. Rfd1 Ne8 18. Bxg7 Nxg7 19. Qe3 Qc5 20. Qxc5 dxc5 21.
a5 Rd4 22. Ne2 Rdd8 23. Nc3 Rd4 24. Ne2 Rdd8 25. Nc3 Rd4 1/2-1/2

[Event "Gibtelecom AmatWk1 6th"]
[Site "Gibraltar"]
[Date "2008.01.26"]
[Round "5.34"]
[White "Dickens, Rupert"]
[Black "Aagedal, Geir Ole"]
[Result "0-1"]
[WhiteElo "1840"]
[BlackElo "1839"]
[PlyCount "96"]
[EventDate "2008.01.22"]
[EventType "swiss"]
[EventRounds "5"]
[EventCountry "GGB"]
[SourceTitle "BritBase"]
[Source "www.saund.co.uk"]
[SourceDate "2018.02.10"]
[SourceVersion "1"]
[SourceVersionDate "2018.02.10"]
[SourceQuality "1"]

1. d4 Nf6 2. Nf3 d5 3. e3 Bf5 4. c4 e6 5. Qb3 Qc8 6. Nc3 c6 7. cxd5 exd5 8. Bd2
Nbd7 9. Be2 Bd6 10. O-O O-O 11. Rfc1 Bc7 12. Na4 Re8 13. Qd1 a5 14. Nc5 Nxc5
15. Rxc5 Ne4 16. Rcc1 Qe6 17. b4 Qh6 18. b5 Nxd2 19. Qxd2 Be4 20. g3 Re6 21.
bxc6 bxc6 22. Qd1 Rae8 23. Rc3 g5 24. Nd2 Bg6 25. Rac1 Bf5 26. Bf3 Bd8 27. Qa4
Bh3 28. Rxc6 g4 29. Be2 Bg5 30. Rxe6 Rxe6 31. Rc8+ Kg7 32. Nf1 Bxf1 33. Bxf1
Bxe3 34. fxe3 Qxe3+ 35. Kg2 Rf6 36. Qd1 Qf2+ 37. Kh1 Qxf1+ 38. Qxf1 Rxf1+ 39.
Kg2 Rd1 40. Ra8 Rd2+ 41. Kg1 Rxa2 42. Rd8 a4 43. Rxd5 a3 44. Ra5 Ra1+ 45. Kg2
a2 46. d5 Kf6 47. Ra6+ Ke7 48. Ra5 Kd6 {probably more moves played} 0-1

[Event "Gibtelecom AmatWk1 6th"]
[Site "Gibraltar"]
[Date "2008.01.26"]
[Round "5.35"]
[White "France, Robert"]
[Black "Wright, Jonathan"]
[Result "1-0"]
[WhiteElo "1648"]
[BlackElo "1776"]
[PlyCount "77"]
[EventDate "2008.01.22"]
[EventType "swiss"]
[EventRounds "5"]
[EventCountry "GGB"]
[SourceTitle "BritBase"]
[Source "www.saund.co.uk"]
[SourceDate "2018.02.10"]
[SourceVersion "1"]
[SourceVersionDate "2018.02.10"]
[SourceQuality "1"]

1. e4 c6 2. d4 d5 3. Nc3 dxe4 4. f3 e5 5. Bc4 Nf6 6. Qe2 Bb4 7. dxe5 Nd5 8.
Bxd5 cxd5 9. Bd2 e3 10. Bxe3 O-O 11. Qd3 Qa5 12. Nge2 Nc6 13. O-O Rd8 14. Bf4
a6 15. a3 Be7 16. b4 Qb6+ 17. Kh1 Be6 18. Rae1 Rac8 19. g4 a5 20. b5 Na7 21. a4
Bb4 22. Bd2 d4 23. Nb1 Bc4 24. Qe4 d3 25. cxd3 Bxd3 26. Qf4 Rc4 27. Qg5 h6 28.
Qh5 Bxd2 29. Nxd2 Rc2 30. Nf4 Rxd2 31. e6 Bg6 32. Nxg6 fxg6 33. Qxg6 R2d6 34.
Qf7+ Kh8 35. e7 Rf6 36. e8=Q+ Rxe8 37. Rxe8+ Kh7 38. Qg8+ Kg6 39. Re7 1-0

[Event "Gibtelecom AmatWk1 6th"]
[Site "Gibraltar"]
[Date "2008.01.26"]
[Round "5.36"]
[White "Horlock, Peter J"]
[Black "Hannan, Peter"]
[Result "1-0"]
[WhiteElo "1592"]
[BlackElo "1728"]
[PlyCount "49"]
[EventDate "2008.01.22"]
[EventType "swiss"]
[EventRounds "5"]
[EventCountry "GGB"]
[SourceTitle "BritBase"]
[Source "www.saund.co.uk"]
[SourceDate "2018.02.10"]
[SourceVersion "1"]
[SourceVersionDate "2018.02.10"]
[SourceQuality "1"]

1. e4 e5 2. Nf3 d6 3. d4 Nf6 4. Nc3 Nbd7 5. Bd3 c6 6. b3 Be7 7. Bb2 Qc7 8. O-O
O-O 9. dxe5 dxe5 10. Ne2 Re8 11. c4 Bc5 12. h3 Nf8 13. Qd2 a5 14. a3 Ng6 15.
Ng3 Be6 16. b4 axb4 17. axb4 Bf8 18. c5 Qd7 19. Qe3 Bxh3 20. Rxa8 Rxa8 21. gxh3
Qxh3 22. Ng5 Qd7 23. Bc4 Nf4 24. Nxf7 N4d5 25. Nxe5 1-0

[Event "Gibtelecom AmatWk1 6th"]
[Site "Gibraltar"]
[Date "2008.01.26"]
[Round "5.37"]
[White "Loberg, Jo Kristian"]
[Black "Booth, Chris"]
[Result "1-0"]
[WhiteElo "1450"]
[BlackElo "1840"]
[PlyCount "99"]
[EventDate "2008.01.22"]
[EventType "swiss"]
[EventRounds "5"]
[EventCountry "GGB"]
[SourceTitle "BritBase"]
[Source "www.saund.co.uk"]
[SourceDate "2018.02.10"]
[SourceVersion "1"]
[SourceVersionDate "2018.02.10"]
[SourceQuality "1"]

1. e4 e6 2. d4 d5 3. Nc3 Nf6 4. Bg5 Bb4 5. e5 h6 6. Bd2 Bxc3 7. Bxc3 Ne4 8. Bd3
Nxc3 9. bxc3 c5 10. Qg4 Qa5 11. Ne2 g6 12. O-O c4 13. Bxg6 Rg8 14. Bxf7+ Kxf7
15. Qf4+ Kg7 16. Ng3 Kh7 17. Nh5 Nd7 18. Qf7+ Kh8 19. Qxe6 Qb6 20. Qxd5 Qg6 21.
Ng3 Nb6 22. Qe4 Be6 23. f4 Qxe4 24. Nxe4 Bd5 25. Rae1 h5 26. Ng5 Nd7 27. h4 Nf8
28. Rf2 Ne6 29. Nxe6 Bxe6 30. f5 Bd5 31. Kh2 Rg4 32. g3 Kg7 33. e6 Kf6 34. Re5
Be4 35. Re2 Bf3 36. R2e3 Bd1 37. e7 Re8 38. d5 Bxc2 39. d6 Bxf5 40. Rxf5+ Kxf5
41. d7 Rgg8 42. dxe8=Q Rxe8 43. Kh3 b5 44. a3 Kf6 45. g4 hxg4+ 46. Kxg4 Rxe7
47. Rxe7 Kxe7 48. Kf5 a5 49. Ke4 b4 50. cxb4 1-0

[Event "Gibtelecom AmatWk1 6th"]
[Site "Gibraltar"]
[Date "2008.01.26"]
[Round "5.38"]
[White "Hughes, Peter"]
[Black "Hughes, Lloyd"]
[Result "1-0"]
[WhiteElo "1664"]
[BlackElo "1745"]
[PlyCount "85"]
[EventDate "2008.01.22"]
[EventType "swiss"]
[EventRounds "5"]
[EventCountry "GGB"]
[SourceTitle "BritBase"]
[Source "www.saund.co.uk"]
[SourceDate "2018.02.10"]
[SourceVersion "1"]
[SourceVersionDate "2018.02.10"]
[SourceQuality "1"]

1. d4 d5 2. Bf4 Nf6 3. e3 Bf5 4. c4 c6 5. Qb3 Qb6 6. Nf3 e6 7. Nbd2 Nbd7 8. h3
h6 9. c5 Qxb3 10. axb3 Be7 11. b4 O-O 12. Be2 b5 13. O-O Rfc8 14. Ra3 g5 15.
Bh2 g4 16. hxg4 Nxg4 17. Bg3 a5 18. Rxa5 Rxa5 19. bxa5 Ra8 20. Ra1 Ra6 21. Nh4
Bxh4 22. Bxh4 Ngf6 23. Nf3 Ng4 24. Bg3 f6 25. Nh4 h5 26. Nxf5 exf5 27. Bd3 Nh6
28. Bf4 Kg7 29. Bxh6+ Kxh6 30. Bxf5 Nf8 31. Bc8 Ra7 32. a6 Ng6 33. Bb7 Ne7 34.
Kh2 Kg5 35. Kg3 f5 36. Kf3 Kf6 37. Ke2 Kg5 38. Kd3 Kf6 39. Kc3 Kg5 40. Kb4 f4
41. Ka5 fxe3 42. fxe3 Nf5 43. Re1 1-0

[Event "Gibtelecom AmatWk1 6th"]
[Site "Gibraltar"]
[Date "2008.01.26"]
[Round "5.39"]
[White "Kuenitz, Klaus"]
[Black "Dimitrov, Daniel"]
[Result "1-0"]
[WhiteElo "1645"]
[BlackElo "1000"]
[PlyCount "44"]
[EventDate "2008.01.22"]
[EventType "swiss"]
[EventRounds "5"]
[EventCountry "GGB"]
[SourceTitle "BritBase"]
[Source "www.saund.co.uk"]
[SourceDate "2018.02.10"]
[SourceVersion "1"]
[SourceVersionDate "2018.02.10"]
[SourceQuality "1"]

1. d4 d6 2. d5 Nd7 3. c4 e5 4. dxe6 fxe6 5. e4 Ngf6 6. Bg5 Be7 7. Nc3 O-O 8.
Nf3 Nc5 9. e5 Nfe4 10. Nxe4 Nxe4 11. Bxe7 Qxe7 12. Bd3 Ng5 13. Nxg5 Qxg5 14.
Qe2 d5 15. O-O c5 16. Kh1 Bd7 17. f4 Rxf4 18. Rxf4 Qxf4 19. Rf1 Qh6 20. Qf3 g5
21. Qf7+ Kh8 22. Qxd7 Rf8 1-0

[Event "Gibtelecom AmatWk1 6th"]
[Site "Gibraltar"]
[Date "2008.01.26"]
[Round "5.40"]
[White "Yarur Elsaca, Daniel"]
[Black "Randall, David C"]
[Result "0-1"]
[WhiteElo "1846"]
[BlackElo "1568"]
[PlyCount "98"]
[EventDate "2008.01.22"]
[EventType "swiss"]
[EventRounds "5"]
[EventCountry "GGB"]
[SourceTitle "BritBase"]
[Source "www.saund.co.uk"]
[SourceDate "2018.02.10"]
[SourceVersion "1"]
[SourceVersionDate "2018.02.10"]
[SourceQuality "1"]

1. e4 c5 2. Nf3 Nc6 3. d4 cxd4 4. Nxd4 Nf6 5. Nc3 e5 6. Ndb5 d6 7. Bg5 a6 8.
Na3 Be6 9. Bc4 b5 10. Bxe6 fxe6 11. Ne2 Be7 12. Bxf6 Bxf6 13. c3 O-O 14. O-O d5
15. Qd3 Qd7 16. Nc2 Qf7 17. Rad1 Rad8 18. Qe3 Qb7 19. Qh3 Rfe8 20. Qg4 d4 21.
Ng3 g6 22. h4 dxc3 23. bxc3 Qg7 24. Rxd8 Nxd8 25. Rd1 h5 26. Qh3 Qe7 27. Nb4 a5
28. Nd3 Kh7 29. Rb1 Qd7 30. Rd1 Qc6 31. Rc1 Qc4 32. Ne1 Nf7 33. a3 Rd8 34. Kh1
Qb3 35. Nf3 Kh6 36. Ng5 Bxg5 37. hxg5+ Nxg5 38. Qh4 Rd1+ 39. Rxd1 Qxd1+ 40. Kh2
Qd2 41. Nh1 Qxc3 42. Qg3 Qxg3+ 43. Nxg3 b4 44. axb4 axb4 45. f3 b3 46. Ne2 Kg7
47. Kg1 b2 48. Nc3 h4 49. Kf2 h3 0-1

[Event "Gibtelecom AmatWk1 6th"]
[Site "Gibraltar"]
[Date "2008.01.26"]
[Round "5.41"]
[White "Hansen, Linda Marie"]
[Black "Ribon Calabia, Mariano"]
[Result "1-0"]
[WhiteElo "1531"]
[BlackElo "1800"]
[PlyCount "111"]
[EventDate "2008.01.22"]
[EventType "swiss"]
[EventRounds "5"]
[EventCountry "GGB"]
[SourceTitle "BritBase"]
[Source "www.saund.co.uk"]
[SourceDate "2018.02.10"]
[SourceVersion "1"]
[SourceVersionDate "2018.02.10"]
[SourceQuality "1"]

1. e4 e6 2. d4 d5 3. exd5 Qxd5 4. Nf3 Qe4+ 5. Be3 Nf6 6. Bd3 Qg4 7. O-O Nd5 8.
Qd2 Nxe3 9. Qxe3 Bd6 10. Nbd2 Qf4 11. Rae1 Qxe3 12. fxe3 Nc6 13. Ng5 f5 14. d5
exd5 15. Bxf5 Bxf5 16. Rxf5 Ne7 17. Rf3 Rf8 18. Rxf8+ Kxf8 19. Nxh7+ Kf7 20.
Ng5+ Kg6 21. Ngf3 Nc6 22. c3 Re8 23. e4 Ne5 24. exd5 Nxf3+ 25. Nxf3 Rxe1+ 26.
Nxe1 Kf5 27. g3 Ke4 28. Kf2 a5 29. Ke2 b5 30. Nf3 Kxd5 31. Kd3 c5 32. Nh4 c4+
33. Ke3 Bc5+ 34. Kf4 b4 35. Nf5 bxc3 36. bxc3 Bf8 37. a4 g6 38. Ne3+ Kc5 39.
Kg5 Bg7 40. Nd1 Bxc3 41. Nxc3 Kb4 42. Ne2 Kxa4 43. Kxg6 Kb3 44. h4 a4 45. h5 a3
46. h6 Kb2 47. h7 a2 48. h8=Q+ Kb1 49. Nc3+ Kb2 50. Nxa2+ Kxa2 51. Qc8 Kb3 52.
Kf5 c3 53. g4 c2 54. g5 Kb2 55. g6 c1=Q 56. Qxc1+ 1-0

[Event "Gibtelecom AmatWk1 6th"]
[Site "Gibraltar"]
[Date "2008.01.26"]
[Round "5.42"]
[White "Jacobsen, Maria Pitz"]
[Black "Salomon, Johan"]
[Result "1-0"]
[WhiteElo "1799"]
[BlackElo "1000"]
[PlyCount "107"]
[EventDate "2008.01.22"]
[EventType "swiss"]
[EventRounds "5"]
[EventCountry "GGB"]
[SourceTitle "BritBase"]
[Source "www.saund.co.uk"]
[SourceDate "2018.02.10"]
[SourceVersion "1"]
[SourceVersionDate "2018.02.10"]
[SourceQuality "1"]

1. e4 c5 2. Nf3 Nc6 3. d4 cxd4 4. Nxd4 g6 5. c4 Bg7 6. Be3 Nf6 7. Nc3 a6 8. Be2
O-O 9. O-O h6 10. Qd2 Kh7 11. f4 d6 12. Rad1 Bg4 13. f5 Bxe2 14. fxg6+ fxg6 15.
Ne6 Qd7 16. Nxf8+ Rxf8 17. Qxe2 Qg4 18. Qxg4 Nxg4 19. Rxf8 Bxf8 20. Re1 Nxe3
21. Rxe3 e6 22. Rf3 Kg7 23. b3 Be7 24. Rd3 Nb4 25. Rd2 Bf6 26. Na4 Kf7 27. Rxd6
b6 28. Nxb6 Be7 29. Rd7 Ke8 30. Rxe7+ Kxe7 31. a3 Nc2 32. a4 Nd4 33. b4 Ne2+
34. Kf2 Nc3 35. Ke3 Kd6 36. Kd3 Na2 37. c5+ Kc6 38. Kc4 g5 39. b5+ axb5+ 40.
axb5+ Kc7 41. Na4 Nc1 42. c6 Kd6 43. e5+ Kc7 44. Nc5 Ne2 45. Nxe6+ Kc8 46. b6
Kb8 47. b7 h5 48. Nc5 Nf4 49. Nd7+ Kc7 50. b8=Q+ Kxc6 51. Qd6+ Kb7 52. Nc5+ Ka7
53. Qa6+ Kb8 54. Qb7# 1-0

[Event "Gibtelecom AmatWk1 6th"]
[Site "Gibraltar"]
[Date "2008.01.26"]
[Round "5.43"]
[White "Goodfellow, Russell"]
[Black "Garcia Lechugo, Francisco"]
[Result "1-0"]
[WhiteElo "1648"]
[BlackElo "1515"]
[PlyCount "103"]
[EventDate "2008.01.22"]
[EventType "swiss"]
[EventRounds "5"]
[EventCountry "GGB"]
[SourceTitle "BritBase"]
[Source "www.saund.co.uk"]
[SourceDate "2018.02.10"]
[SourceVersion "1"]
[SourceVersionDate "2018.02.10"]
[SourceQuality "1"]

1. e4 b6 2. d4 Bb7 3. Nd2 e6 4. Ngf3 Nf6 5. Bd3 c5 6. c3 Be7 7. O-O O-O 8. Re1
Re8 9. Qe2 Nc6 10. a3 d5 11. e5 Nd7 12. b4 c4 13. Bb1 b5 14. Ra2 Nf8 15. Nf1 a5
16. Rb2 axb4 17. axb4 Ra3 18. Rc2 Rxc3 19. Rxc3 Bxb4 20. Re3 Qb6 21. Rd1 Ng6
22. Qc2 Be7 23. Ng3 b4 24. Ne2 b3 25. Qb2 Ra8 26. Nc3 Nf4 27. g3 Nh3+ 28. Kg2
Ng5 29. Nxg5 Bxg5 30. f4 Be7 31. Qd2 Bb4 32. Bb2 Na7 33. Qf2 Rc8 34. f5 Nb5 35.
fxe6 fxe6 36. Nxb5 Qxb5 37. Bc3 Rf8 38. Qd2 Bc5 39. g4 Be7 40. Rh3 h6 41. Qe2
Qb6 42. Rf3 Bc6 43. Rdf1 Be8 44. Rxf8+ Bxf8 45. Qf2 Be7 46. h4 Qd8 47. g5 hxg5
48. hxg5 g6 49. Bd2 Qa8 50. Qh4 Qa3 51. Rh1 Bf8 52. Qh7# 1-0

[Event "Gibtelecom AmatWk1 6th"]
[Site "Gibraltar"]
[Date "2008.01.26"]
[Round "5.44"]
[White "Lode, Marius Skefstad"]
[Black "Haddock, Paul"]
[Result "0-1"]
[WhiteElo "1822"]
[BlackElo "1456"]
[PlyCount "52"]
[EventDate "2008.01.22"]
[EventType "swiss"]
[EventRounds "5"]
[EventCountry "GGB"]
[SourceTitle "BritBase"]
[Source "www.saund.co.uk"]
[SourceDate "2018.02.10"]
[SourceVersion "1"]
[SourceVersionDate "2018.02.10"]
[SourceQuality "1"]

1. e4 c5 2. Nf3 d6 3. d4 cxd4 4. Nxd4 Nf6 5. Nc3 a6 6. Bg5 e6 7. Be2 Be7 8. O-O
Nc6 9. Nb3 b5 10. a3 Bb7 11. f4 Rc8 12. Qd3 Qc7 13. Rad1 Rd8 14. Bh4 O-O 15.
Bf3 Rfe8 16. g4 b4 17. Ne2 bxa3 18. bxa3 Na5 19. Nxa5 Qxa5 20. Rb1 Ba8 21. Bf2
Rb8 22. Ba7 Rb7 23. Rxb7 Bxb7 24. Rb1 Ba8 25. Rb6 d5 26. e5 Bc5+ 0-1

[Event "Gibtelecom AmatWk1 6th"]
[Site "Gibraltar"]
[Date "2008.01.26"]
[Round "5.45"]
[White "Bishop, Geoffrey L"]
[Black "Coats, Jon R"]
[Result "0-1"]
[WhiteElo "1664"]
[BlackElo "1376"]
[PlyCount "76"]
[EventDate "2008.01.22"]
[EventType "swiss"]
[EventRounds "5"]
[EventCountry "GGB"]
[SourceTitle "BritBase"]
[Source "www.saund.co.uk"]
[SourceDate "2018.02.10"]
[SourceVersion "1"]
[SourceVersionDate "2018.02.10"]
[SourceQuality "1"]

1. e4 g6 2. d4 Bg7 3. Nc3 d6 4. f4 e6 5. Nf3 Ne7 6. Bc4 O-O 7. h4 Nd7 8. h5 Nf6
9. hxg6 fxg6 10. Ng5 d5 11. Bb3 c6 12. Be3 h6 13. Nf3 Nh5 14. Qd2 Qd6 15. Ne5
Kh7 16. O-O-O b6 17. g4 Ng3 18. Rh3 Nxe4 19. Nxe4 dxe4 20. f5 g5 21. Bxg5 exf5
22. Nf7 Rxf7 23. Bxf7 fxg4 24. Rh5 g3 25. Rdh1 Nf5 26. c3 Bd7 27. Qg2 e3 28.
Bb3 Re8 29. Bc2 e2 30. Re1 Qe6 31. Kb1 Qg6 32. Qf3 g2 33. Bd2 g1=Q 34. Rxg1
Qxg1+ 35. Bc1 e1=Q 36. Bxf5+ Bxf5+ 37. Qxf5+ Kg8 38. Qc2 Re2 0-1

[Event "Gibtelecom AmatWk1 6th"]
[Site "Gibraltar"]
[Date "2008.01.26"]
[Round "5.46"]
[White "Garcia, Mario"]
[Black "Cox, Reginald"]
[Result "1-0"]
[WhiteElo "1663"]
[BlackElo "1136"]
[PlyCount "107"]
[EventDate "2008.01.22"]
[EventType "swiss"]
[EventRounds "5"]
[EventCountry "GGB"]
[SourceTitle "BritBase"]
[Source "www.saund.co.uk"]
[SourceDate "2018.02.10"]
[SourceVersion "1"]
[SourceVersionDate "2018.02.10"]
[SourceQuality "1"]

1. e4 e5 2. Nf3 d6 3. Bc4 Bg4 4. d4 Nf6 5. dxe5 Nxe4 6. Qd5 Be6 7. Qxe4 d5 8.
Bb5+ c6 9. Qa4 cxb5 10. Qxb5+ Nc6 11. c3 Qd7 12. Qe2 Bg4 13. Bf4 Qf5 14. Qe3
Qe4 15. Qxe4 dxe4 16. Nd4 Nxd4 17. cxd4 Bb4+ 18. Nc3 O-O 19. O-O Bxc3 20. bxc3
Be2 21. Rfe1 Bd3 22. Bd2 f5 23. exf6 Rxf6 24. Be3 Raf8 25. d5 a6 26. Bd4 Rf5
27. Re3 Rxd5 28. f3 Re8 29. Rae1 Rb5 30. Rxd3 exd3 31. Rxe8+ Kf7 32. Re1 Rb2
33. Rd1 d2 34. Be3 Rxa2 35. Rxd2 Ra3 36. Bd4 g6 37. Kf2 b5 38. Rb2 Ke6 39. Ke2
Kd6 40. Ke3 Kd5 41. f4 Ra1 42. Kd3 Re1 43. Re2 Rxe2 44. Kxe2 Kc4 45. Be5 Kb3
46. Kd2 a5 47. Kc1 a4 48. Kb1 a3 49. g4 a2+ 50. Ka1 b4 51. cxb4 Kxb4 52. f5
gxf5 53. gxf5 Kc5 54. f6 1-0

[Event "Gibtelecom AmatWk1 6th"]
[Site "Gibraltar"]
[Date "2008.01.26"]
[Round "5.48"]
[White "Poggio, Freddie"]
[Black "Bath, Tom"]
[Result "1-0"]
[WhiteElo "1616"]
[BlackElo "1424"]
[PlyCount "59"]
[EventDate "2008.01.22"]
[EventType "swiss"]
[EventRounds "5"]
[EventCountry "GGB"]
[SourceTitle "BritBase"]
[Source "www.saund.co.uk"]
[SourceDate "2018.02.10"]
[SourceVersion "1"]
[SourceVersionDate "2018.02.10"]
[SourceQuality "1"]

1. d4 Nf6 2. c4 d6 3. Nf3 g6 4. Nc3 Bg7 5. e4 O-O 6. Be2 Bd7 7. Bg5 c6 8. e5
Ne8 9. Qd2 f6 10. exf6 Nxf6 11. Bh6 Qb6 12. Bxg7 Kxg7 13. O-O Na6 14. Rfe1 Qc7
15. c5 Rae8 16. Bxa6 bxa6 17. b4 dxc5 18. bxc5 Ng4 19. h3 Rxf3 20. hxg4 Rf7 21.
Re4 Ref8 22. Rae1 Bc8 23. Qg5 Qa5 24. Qe5+ Kg8 25. d5 cxd5 26. Nxd5 Qxc5 27.
Nf6+ Rxf6 28. Qxc5 Rxf2 29. Rxe7 Bxg4 30. Qc4+ 1-0

[Event "Gibtelecom AmatWk1 6th"]
[Site "Gibraltar"]
[Date "2008.01.26"]
[Round "5.49"]
[White "Mossiaguine, Anastasia"]
[Black "Stoop, Michael"]
[Result "0-1"]
[WhiteElo "920"]
[BlackElo "1056"]
[PlyCount "88"]
[EventDate "2008.01.22"]
[EventType "swiss"]
[EventRounds "5"]
[EventCountry "GGB"]
[SourceTitle "BritBase"]
[Source "www.saund.co.uk"]
[SourceDate "2018.02.10"]
[SourceVersion "1"]
[SourceVersionDate "2018.02.10"]
[SourceQuality "1"]

1. e4 d5 2. d3 dxe4 3. dxe4 Qxd1+ 4. Kxd1 Nf6 5. Nc3 e5 6. Nf3 Nc6 7. Bb5 Bd6
8. Ke2 Bd7 9. Rd1 O-O 10. Kf1 Rad8 11. Bg5 h6 12. Bxf6 gxf6 13. h3 a6 14. Ba4
f5 15. Nh4 f4 16. a3 Be7 17. Nf5 Bxf5 18. exf5 Nd4 19. Bb3 Nxf5 20. Nd5 Bd6 21.
Kg1 Kh8 22. a4 Nd4 23. Nc3 Nxb3 24. cxb3 Rg8 25. Nd5 Rg6 26. f3 Rdg8 27. Rd2 c6
28. Nc3 Bc5+ 29. Kh1 f5 30. Re2 Be3 31. Rd1 Bd4 32. Nb1 c5 33. Na3 Re8 34. Rde1
Rge6 35. g4 fxg3 36. Kg2 Bf2 37. Rd1 Bd4 38. Kxg3 f4+ 39. Kh2 Rg6 40. Rd3 Rg3
41. Nc4 Reg8 42. h4 Bg1+ 43. Kh1 Rh3+ 44. Rh2 Rxh2# 0-1